header

With both feet on the clouds (Record no. 25827)

MARC details
000 -LEADER
fixed length control field 01415nam a2200349 a 4500
245 00 - TITLE STATEMENT
Title With both feet on the clouds
260 ## - PUBLICATION, DISTRIBUTION, ETC. (IMPRINT)
Place of publication Boston :
Name of publisher Academic Studies Press,
Year of publication 2013.
300 ## - PHYSICAL DESCRIPTION
Number of Pages 309 p.
490 1# - SERIES STATEMENT
Series statement Israel : society, culture, and history
650 #0 - SUBJECT ADDED ENTRY--TOPICAL TERM
Topical Term Fantasy fiction, Israeli
Topical Term Hebrew literature
Topical Term Fantasy in literature.
700 1# - ADDED ENTRY--PERSONAL NAME
Personal name Gurevitch, Danielle.
Personal name Gomel, Elana.
Personal name Graff, Rani.
856 40 - ELECTRONIC LOCATION AND ACCESS
Uniform Resource Identifier http://site.ebrary.com/lib/rucke/Doc?id=10716795

No items available.

© 2026 Rongo University
Contact us: librarian | system librarian | Rongo university